載入...

Folk dance: tribal,ritual & martial forms /

書目詳細資料
主要作者: Khokar Ashish
格式: Printed Book
語言:English
出版: New Delhi: Rupa & Co., c2003.
主題:
LEADER 00544 a2200157 4500
008 150103s9999 000 0 eng
020 |a 8129100975 
082 |a 793.31  
100 |a Khokar Ashish. 
245 |a Folk dance: tribal,ritual & martial forms / 
260 |a New Delhi:  |b Rupa & Co.,  |c c2003. 
300 |a 104 p. 
650 |a Folk dance 
942 |c BK 
999 |c 303209  |d 303209 
952 |0 0  |1 0  |2 ddc  |4 0  |6 793_310000000000000_KHO_FO  |7 0  |8 MUSIC  |9 346778  |a DRA  |b DRA  |c ST1  |d 2011-01-28  |i 312M  |l 2  |o 793.31 KHO/FO  |p DRA312M  |r 2011-07-29  |s 2011-07-29  |w 2011-01-28  |y BK